MDQL
is popping MORE tags! Check the
thread
!
Quizzes
Events
Quiz Creation
Community
Videos
Private Events
Remove Ads
Sign In
Join for FREE
Feedback
Dark Mode
Quiz Categories
Sports
Geography
Music
Movies
Television
Just For Fun
Miscellaneous
History
Literature
Language
Science
Gaming
Entertainment
Religion
Holiday
For Kids
Quiz Lab
Recent
Popular Today
Quiz Kudos Today
Editor Picks
Curator Picks
Quizzes by...
Day
Popularity
Type
Ratings
Length
Year
Community
Subscriptions
Recent Discussions
Orange Saloon
Badges
Playlists
Quests
Create
Leaderboards
Showdown
Live 5
Trivia Bingo
Activity
Puzzle Library
Sporcle Events
Private Events
Virtual Trivia
Globe League
Become a Host
Pub Owners
SporcleCon
Opinionation
Our Games
Videos
Blog
Mobile Apps
Partnerships
Remove Ads and Go Orange
Feedback
Gaming
Video Games
Board Games
Card Games
Pokémon
Mario
Nintendo
Minecraft
Console
Toys
Legend of Zelda
Gaming
Video Games
Board Games
Card Games
Pokémon
Mario
Nintendo
Minecraft
Console
Toys
Legend of Zelda
Random Quiz
Search Sporcle
×
Quiz Lab
Quiz Lab
Gaming
Board Games
Type in answers that appear in a list
Type in answers that appear in a list
Classic
Best Score? Go Orange.
Name that MMORPG Stats
Can you name the MMORPGS?
By
bishi4me
8m
27 Questions
306 Plays
306 Plays
306 Plays
Comments
Comments
Give Quiz Kudos
Give Quiz Kudos
-
- Ratings
hide this ad
Replay
Link that replays current quiz
Next Quiz
Link to next quiz in quiz playlist
You Got
0%
They Got
Avg Score
30%
Avg Friend Score
Upgrade to see
Score Distribution
Jump to the score distribution portion of the page
Score
0/27
Timer
08:00
0
Plays Today
Hints
Games
% Correct
Orcs and Humans
World of Warcraft
94.8%
May the Force be with you
Star Wars Galaxies
59.7%
Graphical Browser Game
Runescape
53.4%
Middle-
earth Revisited
Lord of the Rings Online
52.5%
Take the Red Pill
The Matrix Online
51.5%
Camp Check!
Everquest
44.6%
Console RPG goes Massive
Final Fantasy 11
39%
Colonizing New Eden
Eve Online
39%
Superheroes Take the Subway
City of Heroes
36.4%
A Pirate's life for Me
Pirates of the Burning Sea
35.7%
Realm vs Realm Combat
Warhammer Online
35.4%
Tabletop to Desktop
D&D Online
35.1%
It gives you wings!
Aion
29.8%
Set in the Hyborian Age
Age of Conan
28.5%
Hints
Games
% Correct
Dread Lords and Glorious Ladies
Ultima Online
24.9%
Order a /
Pizza
Everquest 2
23.6%
Arthurian Legends
Dark Age of Camelot
19.7%
Castle Siege System
Lineage
17.7%
Castle Siege System, Two
Lineage 2
14.1%
Create your own Nemesis
Champions Online
14.1%
Console MMORPG
Phantasy Star Universe
13.8%
Patrons and Vassals
Asheron's Call
11.5%
2D Characters in a 3D World
Ragnarok Online
11.1%
Omni-
Tek owns Rubi-
Ka
Anarchy Online
10.8%
No Jumping Allowed
Meridian 59
6.6%
Saga of Heroes
Vanguard
5.6%
Battle on Argon
Darkfall
4.6%
Quiz Playlist
Details
Report
Send in Message
Add To Playlist
Classic:
Type in answers that appear in a list
Last Updated: Feb 16, 2017
Quiz Scoreboard
CHALLENGE
Sign Up to Join the Scoreboard
Show All
Scores
Hide
Comments
May contain spoilers
Recently Published
Image Sorting: Flags VI
by Barbecue
Geography
2m
Find the 'City' Movie
by crazypaving
Movies
60s
5x2 Blitz: Bands
by SL_Kpop136
Music
30s
More to Explore
Quiz From the Vault
Featured Blog Post
14 Easter Pick-up Lines to Find Eggs With
hide this ad
You Might Also Like...
Tags
Board Games Quiz
mmorpg
Today's Top Quizzes in Gaming
Browse Gaming
hide this ad
Today's Top Quizzes in Board Games
Browse Board Games
Top Contributed Quizzes in Gaming
1
League of Legends Pro Players by Career/Team History
2
Destiny 2 exotic weapons by perk icons
3
Genshin murder mystery
4
Dead By Daylight Logic Puzzle
5
Genshin Impact Logic Puzzle
6
Valorant Agent Developer Names (Up to Clove)
7
Overwatch 2: Ultimate Ability Icons
8
4x4 Decades: Video Games
9
Who's on the WWE 2K24 Cover?
10
Undertale Logic Puzzle
Explore More
Trending Topics
Kpop
NBA
Disney
Anime
Crossword
Marvel
Harry Potter
The Office
Pokémon
Country
Song
NFL
WWE
Puzzle
Soccer
hide this ad
More By:
bishi4me
Quiz
Plays
Rating
Category
Featured
Created
Name that MMORPG
306
5.00
Gaming
Oct 10, 2009
Go to Creator's Profile
Score Distribution
Quiz Creator Spotlight
bishi4me
Follow
Send a Message
Quizzes Created
-
Created Quiz Play Count
-
More By This Creator
Popular Quizzes Today
1
Colored Red Africa Blitz
2
Find the US States - No Outlines Minefield
3
Find the 'City' Movie
4
5x2 Blitz: Bands
5
The Countries of the World
6
Find the US States
7
Find the Countries of Europe - No Outlines Minefield
8
US States
More Gaming Quizzes
Super Mario Characters Picture Quiz
Curator's Pick
Trending Quizzes
Colored Red Europe Blitz I
Colored Red Europe Blitz II
Colored Red Africa Blitz II
Colored Red Europe Blitz III
Colored Red Africa Blitz III
Recently Updated
How Do You Spell That?
pecheneg
Godzilla Movies
pecheneg
Grab Bag: 4-10 Letters
pecheneg
2024 March Madness Bracket
pecheneg
Famous TV Couples
Peacemaker
Champions League XIs: Real Madrid
pecheneg
Largest US Cities 1790-2010
pecheneg
Rides in Walt Disney World
pecheneg
Most Oscar Losses (Acting)
pecheneg
Beyoncé Albums
pecheneg
Trending Topics
Crossword
Marvel
Kpop
Harry Potter
NBA
Anime
Disney
Country
NFL
Soccer
The Office
Pokémon
Song
WWE
Puzzle
Your Account Isn't Verified!
In order to create a playlist on Sporcle, you need to verify the email address you used during registration. Go to your
Sporcle Settings
to finish the process.
Report this User
Report this user for behavior that violates our
Community Guidelines
.
Details:
Send Report
Go to the Sporcle.com Mobile Site →
Comments